| 000 | 00902 a2200181 4500 | ||
|---|---|---|---|
| 001 | 144171 | ||
| 040 | _cLeonardo Da Vinci | ||
| 041 |
_aPortuguês _aPortuguês |
||
| 082 |
_aAP540 U83q _bU83q |
||
| 100 |
_aUSBERCO, João _aLEMBO, Antônio _aCARVALHO, Geraldo Camargo de |
||
| 245 |
_aQuímica 2 - físico-química e química orgânica _bLivro texto |
||
| 250 | _aLT - 2° edição | ||
| 260 |
_bAnglo _c2002 _aSão Paulo |
||
| 300 | _a116 | ||
| 362 | _a20110127 | ||
| 697 |
_aFísico-química _aSoluções _aTermoquímica _aCinética química _aEquilíbrio _aOxiredução _aPropriedades coligativas das soluções _aOrgânica _aCadeias carbonicas _aFontes de hidrocarbonetos e combustão _aNomenclatura _aPropriedades físicas dos compostos orgânicos _aIsomeria _aReação de substituição _aReação de adição _aReação de oxidação de alquenos _aÁlcoois _aÁcidos carboxilios _aPolímeros _aLT |
||
| 942 | _cBK | ||
| 999 |
_c144171 _d144171 |
||